| 000 | 00591nam a2200145 a 4500 | ||
|---|---|---|---|
| 001 | ASINB000JETOQ8 | ||
| 005 | 20140425075307.0 | ||
| 008 | 140425s1952 xxu eng d | ||
| 100 | 1 | _aReintjes, J. Francis and Coates, Godfrey T. | |
| 245 | 1 | 0 |
_aPrinciples of radar, by members of the staff of the radar school, massachusetts institute of technology / _cJ. Francis and Coates, Godfrey T. Reintjes. |
| 250 | _aThird Edition. | ||
| 260 |
_a[S.l.] : _bMcGraw Hill, _c1952. |
||
| 300 |
_a985 p. ; _c24 cm. |
||
| 856 | 4 | 0 |
_3Amazon.com _uhttp://www.amazon.com/exec/obidos/ASIN/B000JETOQ8/chopaconline-20 |
| 999 |
_c564 _d564 |
||